00317nam a2200133Ia 4500008004100000041000800041100000900049245004900058260002300107300000900130520001500139520001900154650001000173230605s2000 xx 000 0 und d aeng aD.K. aUltimatly Safely in the Hospitality Industry bDorling pub.c2000 a640p aHard Board aReference Copy aDict.